The Scottish Building Standards technical handbook: domestic (Record no. 109227)

MARC details
000 -LEADER
fixed length control field 01195cad a22002175a 4500
001 - CONTROL NUMBER
control field E146580
008 - FIXED-LENGTH DATA ELEMENTS--GENERAL INFORMATION
fixed length control field 090205s2009 xxk 000 0 eng u
035 ## - SYSTEM CONTROL NUMBER
System control number (Sirsi) u146580
041 ## - LANGUAGE CODE
Language code of text/sound track or separate title eng
050 04 - LIBRARY OF CONGRESS CALL NUMBER
Classification number 692.209411 $2 18
110 2# - MAIN ENTRY--CORPORATE NAME
Corporate name or jurisdiction name as entry element Scottish Building Standards Agency
9 (RLIN) 4655
245 04 - TITLE STATEMENT
Title The Scottish Building Standards technical handbook: domestic
Medium [electronic resource]
260 ## - PUBLICATION, DISTRIBUTION, ETC.
Place of publication, distribution, etc. Edinburgh
Name of publisher, distributor, etc. SBSA
Date of publication, distribution, etc. 2009
520 ## - SUMMARY, ETC.
Summary, etc. This technical handbook provides guidance on achieving the standards set out in the Building (Scotland) Regulations 2004. The handbooks are available in two volumes, one for domestic buildings and one for non-domestic buildings. This revised edition of the Technical Handbook came into force on 4 January 2009 and includes amendments to sections 0, 6 and Appendix A.
520 ## - SUMMARY, ETC.
Summary, etc. The Library holds a reference copy of the 2007 edition, updated with the 2008 and 2009 amendments: see E128033.
650 ## - SUBJECT ADDED ENTRY--TOPICAL TERM
Topical term or geographic name entry element BUILDING (SCOTLAND) ACT 2003
651 #4 - SUBJECT ADDED ENTRY--GEOGRAPHIC NAME
Geographic name Scotland
Chronological subdivision 1999-
690 ## - LOCAL SUBJECT ADDED ENTRY--TOPICAL TERM (OCLC, RLIN)
Topical term or geographic name as entry element BUILT ENVIRONMENT-BUILDING STANDARDS
856 40 - ELECTRONIC LOCATION AND ACCESS
Uniform Resource Identifier <a href="https://www.sbsa.gov.uk/tech_handbooks/tbooks2009.htm">https://www.sbsa.gov.uk/tech_handbooks/tbooks2009.htm</a>
Public note View the handbook free of charge at www.sbsa.gov.uk...
942 ## - ADDED ENTRY ELEMENTS (KOHA)
Suppress in OPAC 0
Holdings
Withdrawn status Lost status Source of classification or shelving scheme Damaged status Not for loan Home library Current library Shelving location Date acquired Total Checkouts Full call number Barcode Date last seen Copy number Price effective from Koha item type
    Dewey Decimal Classification     Virtual Virtual Online 05/02/2009   ONLINE PUBLICATION 146580-2001 06/08/2019 1 06/08/2019 Book